000 00711nam a2200289Ia 4500
005 20260324113205.0
008 008 260324s9999 xx 000 0 eng d
020 _a9781003448877
037 _aEBOOK
040 _aCRL
040 _beng
040 _cCRL
041 _2eng
041 _aeng
084 _qCRL
100 _aGeorge A. Hutchinson
_91145783
245 0 _aNorth Korea’s Nuclear Decisions and Strategies
245 0 _bSovereignty, Legitimacy, and the Bomb
260 _bTaylor and Francis
260 _c2024
365 _a
365 _b240
856 _uhttp://www.taylorfrancis.com/books/9781003448877
942 _cEBOOK
999 _c1735303
_d1735303